000 00809nam a2200253Ia 4500
003 OSt
005 20220927105949.0
006 a|||||r|||| 00| 0
007 ta
008 220926b |||||||| |||| 00| 0 eng d
024 _a120119
037 _cReference Collections
040 _aRTL
_cRTL
_beng
041 _2eng
_aeng
082 _a"Up1,N59, K1"
111 _aAnglo Polish Seminar (1959 : Nieborow)
_9375777
245 0 _a"Proceedings ,September 15,1959"
_bProblems of applied
260 _aWarszawa
_bPaustwowe Wydamnictwo Naukowe
_c1961
300 _a148p. Bib at end of chapters
_ccm.
490 _a"Polish Academy of Sciences Institute of Geography Geographical Studies ,25"
650 _aGeography
942 _h"Up1,N59, K1"
_cCC
999 _c695275
_d695275